000 00588nam a2200217Ia 4500
003 GCL
005 20240530102201.0
008 140319s9999 xx 000 0 ara d
040 _aGCL /
_cGCL
082 0 4 _aع
_b615.537
_bو ع
100 1 _aوديع جبر
245 1 0 _aالعلاج بالنبات /
_cوديع جبر
260 _a[S.N] :
_bدار الجيل
650 0 4 _aالطب
650 0 4 _aالصيدلة
650 0 4 _aالعلاج
650 0 4 _aالعلاج النباتى
650 0 4 _aالنباتات الطبية
650 0 4 _aالعقاقير
942 _2ddc
_cBK
999 _c30408
_d30408